The only solution to India's language problem, (Record no. 70148)

MARC details
000 -LEADER
fixed length control field 00646cam a22002291 4500
001 - CONTROL NUMBER
control field sa 66005762
003 - CONTROL NUMBER IDENTIFIER
control field DLC
005 - DATE AND TIME OF LATEST TRANSACTION
control field 20260227112251.0
008 - FIXED-LENGTH DATA ELEMENTS--GENERAL INFORMATION
fixed length control field 870803q19601969ii 000 0 eng
010 ## - LIBRARY OF CONGRESS CONTROL NUMBER
LC control number sa 66005762
025 ## - OVERSEAS ACQUISITION NUMBER
Overseas acquisition number PL480:I-E-5881
035 ## - SYSTEM CONTROL NUMBER
System control number (OCoLC)16359678
040 ## - CATALOGING SOURCE
Original cataloging agency DLC
Transcribing agency WaU
Modifying agency DLC
042 ## - AUTHENTICATION CODE
Authentication code premarc
050 00 - LIBRARY OF CONGRESS CALL NUMBER
Classification number JQ220.L3
Item number J6
100 1# - MAIN ENTRY--PERSONAL NAME
Personal name John, K. K.
245 14 - TITLE STATEMENT
Title The only solution to India's language problem,
Statement of responsibility, etc. by K.K. John. Foreword by A.R. Wadia.
260 ## - PUBLICATION, DISTRIBUTION, ETC.
Place of publication, distribution, etc. New Delhi
Date of publication, distribution, etc. [196-]
300 ## - PHYSICAL DESCRIPTION
Extent viii, 52 p.
Dimensions 21 cm.
651 #0 - SUBJECT ADDED ENTRY--GEOGRAPHIC NAME
Geographic name India
General subdivision Languages.
650 #0 - SUBJECT ADDED ENTRY--TOPICAL TERM
Topical term or geographic name entry element Language and languages
General subdivision Political aspects.

No items available.

Powered by Koha